Personnages de Solo Leveling - Statistiques

Statistiques générales
  • Ce quiz a été pris 42 fois
  • Le résultat moyen est 15 sur 55
Statistiques - réponses
Hint Réponse % Correct
Personnage PrincipalChasseur de Rang S Monarque des Ombres Maitre de la Guilde Ahjin Sung Jinwoo
100%
Ombre du Roi des FourmisGrade de Maréchal Beru
68%
Vice-Maitre de la Guilde des ChasseursChasseur de Rang S Cha Hae-In
68%
Ombre du Commandant de Rouge SangPremier ombre du personnage principal
Grade de Maréchal
Igris
68%
Soeur du personnage principal Sung Jinah
68%
Maitre de la Guilde du Tigre BlancChasseur de Rang S Baek Yoonho
58%
Chasseur le plus fort des Etats UnisChasseur de Rang National (Classé N°1 au monde) Maitre de la Guilde des Charognards Thomas Andre
58%
Ombre de Kim ChulGrade de Chevalier d'Elite Iron
52%
Ombre de l'Ours Glace AlphaGrade de Chevalier Tank
52%
Maitre de la Guilde des ChasseursChasseur de Rang S Choi Jong-In
48%
Ancien président de l'Association de Chasseurs CoréensAncien Chasseur de Rang S Go Gunhee
48%
Ombre de la wyverne KaisellinGrade de Chevalier Kaisel
45%
Vice Maitre de la Guilde AhjinChasseur de Rang D Yoo Jinho
45%
Chasseur le plus fort du Japon Ancien maître de la Guilde des Epées DégainéesChasseur de Rang S Goto Ryuji
42%
Maître de la Guilde FameChasseur de Rang S Ma Dongwook
42%
Serviteur de l'ancien Monarque des Ombresl'Ombre la plus puissante en existence Grade de Grand Maréchal Bellion
39%
Roi des DragonsMonarque de la Destruction Antares
35%
Roi des MortsAncien Monarque des Ombres Ashborn
35%
Ancien Chasseur de Rang National (Classé N°3 au monde)2ème plus fort des Etats Unis Christopher Reed
35%
Ancien Chasseur de Rang CGrand frère de Hwang Dongsoo Hwang Dongsuk
35%
Ombre de KargalganGrade de Maréchal Tusk
35%
Survivant du premier double donjonChasseur de Rang D Kim Sangshik
32%
Président de l'Association de Chasseurs CoréensAncien inspecteur en Chef de l'Equipe de Surveillance de l'Association Chasseur de Rang A Woo Jinchul
32%
Ombre de Hwang DongsooGrade de Général Greed
29%
Chasseur le plus fort de la ChineChasseur de Rang National (Classé N°2 au monde) "Chasseur au 7 Etoiles de Chine" Liu Zhigang
29%
Chef de l'équipe d'attaque B de la Guilde des ChasseursChasseur de Rang A Son Kihoon
29%
Ancien Chasseur de Rang SGuérisseur Min Byung-Gyu
26%
Père des deux précédentsChasseur de Rang S non officiel Epoux de la prochaine Sung Il-Hwan
23%
Roi des DémonsMonarque des Flammes Blanches Baran
19%
Ancien Chasseur de Rang BAncien membre de l'Equipe de Surveillance de l'Association Ancien tueur à gages Kang Taeshik
19%
Chasseur le plus fort de l'Allemagne(Classé N°12 au monde) Lennart Niermann
19%
Survivant du premier double donjonChasseur de Rang C Song Chi-Yul
19%
Membre de la Guilde des Chasseurs Chasseur de Rang A Guérisseur Han Semi
16%
Membre de la Guilde des ChasseursChasseur de Rang A Gina
13%
Amie de la soeur du personnage principalChasseur de Rang E Han Song-Yi
13%
Chasseur le plus fort du Brézil(Anciennement classé N°6) Jonas
13%
Maitre de la Guilde FiendChasseur de Rand S Lim Tae-Gyu
13%
Mère du personnage principalEpouse du précédent Park Kyung-Hye
13%
Membre de la Guilde des Epées Dégainées Chasseur de Rang S Guérisseur Shimizu Akari
13%
Ombre du Boss NagaGrade de Général Jima
10%
Membre de la Guilde des Chasseurs Chasseur de Rang A Lee Bora
10%
Survivant du premier double donjonChasseur de Rang B Guérisseur Lee Joohee
10%
"La Voyante"Membre du Bureau Fédéral des Chasseurs des Etats Unis Norma Selner
10%
Membre de la Guilde des Epées DégainéesChasseur de Rang S Kumamoto Atsushi
6%
Roi des GéantsMonarque du Commencement Boss caché de la Porte de Rang S de Tokyo Legia
6%
Reine des InsectesMonarque des Fléaux Querehsha
6%
Maître de la Guilde des Epées DégainéesChasseur de Rang S Sugimoto Reiji
6%
Membre de la Guilde des Epées Dégainées Chasseur de Rang S Tawata Kanae
6%
Roi des Spectre DémoniaquesMonarque de la Transfiguration Yogumunt
6%
Membre de la Guilde des Epées Dégainées Chasseur de Rang S Hoshino Minoru
3%
Roi des BêtesMonarque des Crocs Rakan
3%
Roi du Peuple des NeigesMonarque du Givre Sillad
3%
Ancien Membre de la Guilde des Epées Dégainées Chasseur de Rang S Tanaka Kenzo
3%
Roi des Humanoïdes Monstrueux Monarque du Corps de Fer Tarnak
3%
Ancien Membre de la Guilde des Epées Dégainées Chasseur de Rang S Izawa Ippei
0%
Aucun quiz correspondant
Distribution des résultats
% des personnes avec chaque résultat
Percentile par nombre de réponses
Votre historique - résultats
Vous n’avez pas pris ce quiz